Songs from the First Line(s) - TV Shows Theme Song Edition - Statistics

General Stats
  • This quiz has been taken 184 times
  • The average score is 9 of 25
Answer Stats
Hint Answer % Correct
Songs So no one told you life was gonna be this way / Your job's a joke, you're broke, your love life's D.O.A. / It's like you're always stuck in second gear TV Show Friends
87%
Songs Are you ready, kids? / Aye, aye, Captain / I can't hear you / Aye, aye, Captain / Ohh / Who lives in a pineapple under the sea? TV Show SpongeBob SquarePants
81%
Songs Our whole universe was in a hot, dense state / Then nearly fourteen billion years ago, expansion started / The Earth began to cool TV Show The Big Bang Theory
79%
Songs Now this is a story all about how / My life got flipped-turned upside down / And I'd like to take a minute / Just sit right there TV Show The Fresh Prince of Bel-Air
75%
Songs So no one told you life was gonna be this way / Your job's a joke, you're broke, your love life's D.O.A. / It's like you're always stuck in second gear Song I'll Be There For You
67%
Songs There's a hundred and four days of summer vacation / And school comes along just to end it / So the annual problem for our generation TV Show Phineas and Ferb
56%
Songs It seems today that all you see / Is violence in movies and s*x on TV / But where are those good old-fashioned values / On which we used to rely? TV Show Family Guy
53%
Songs Sunny day / Sweepin' the clouds away / On my way to where the air is sweet / Can you tell me how to get / How to get to ______ _____? TV Show Sesame Street
43%
Songs Thank you for being a friend / Traveled down the road and back again / Your heart is true / You're a pal and a confidant TV Show The Golden Girls
42%
Songs Yes, no, maybe / I don't know / Can you repeat the question? / You're not the boss of me now / You're not the boss of me now TV Show Malcolm in the Middle
34%
Songs Making your way in the world today / Takes everything you've got / Taking a break from all your worries / Sure would help a lot TV Show Cheers
32%
Songs Thank you for being a friend / Traveled down the road and back again / Your heart is true / You're a pal and a confidant Song Thank You for Being a Friend
32%
Songs Well we're movin' on up, to the east side / To a deluxe apartment in the sky / Movin on up / To the east side / We finally got a piece of the pie TV Show The Jeffersons
26%
Songs Making your way in the world today / Takes everything you've got / Taking a break from all your worries / Sure would help a lot Song Where Everybody Knows Your Name
25%
Songs What would you do if I sang out tune? / Would you stand up and walk out on me? / Lend me your ears and I'll sing you a song Song With a Little Help From My Friends
24%
Songs Well we're movin' on up, to the east side / To a deluxe apartment in the sky / Movin on up / To the east side / We finally got a piece of the pie Song Movin’ on Up
22%
Songs Yes, no, maybe / I don't know / Can you repeat the question? / You're not the boss of me now / You're not the boss of me now Song Boss of Me
19%
Songs Hey girl, whatcha' doing? / Hey girl, where you going? / But / She could have fell, fell out of the sky; / She could have fell right out of the sky. TV Show New Girl
19%
Songs What would you do if I sang out tune? / Would you stand up and walk out on me? / Lend me your ears and I'll sing you a song TV Show Wonder Years
15%
Songs We've been on the run / Driving in the sun / Looking out for number one / California, here we come / Right back where we started from Song California
12%
Songs We've been on the run / Driving in the sun / Looking out for number one / California, here we come / Right back where we started from TV Show The O.C.
11%
Songs You woke up this morning / Got yourself a gun / Your mama always said you'd be the chosen one / She said, you're one in a million, you've got to burn to shine
TV Show The Sopranos
11%
Songs Hey girl, whatcha' doing? / Hey girl, where you going? / But / She could have fell, fell out of the sky; / She could have fell right out of the sky. Song Hey Girl
8%
Songs You woke up this morning / Got yourself a gun / Your mama always said you'd be the chosen one / She said, you're one in a million, you've got to burn to shine Song Woke Up This Morning
6%
Songs There's a hundred and four days of summer vacation / And school comes along just to end it / So the annual problem for our generation Song Today Is Gonna Be a Great Day
5%
No matching quizzes found
Score Distribution
Percent of People with Each Score
Percentile by Number Answered
Your Score History
You have not taken this quiz